000 00572nam a22002052 4500
001 0000000036
005 20151217154323.0
008 070108s xx 000 0 eng d
020 _a0333793846 :
_cKES 2,600
040 _aKABU
_cKABU
100 1 _aHarrison-Barbet, Anthony.
_@0000147999
245 1 0 _aMastering philosophy.
250 _a2nd ed.
260 _aBasingstoke, England :
_bPalgrave,
_c2001.
300 _axv, 509 p.
650 0 _aPhilosophy.
_@0000147995
908 _a070108
950 _@1
999 _c10460
_d10460